000 00891nam a2200253Ia 4500
003 OSt
005 20220923223338.0
006 a|||||r|||| 00| 0
007 ta
008 220922b |||||||| |||| 00| 0 hin d
024 _a213,731
037 _cTextual
040 _aARTS
_cARTS
_bhin
041 _2hin
_ahin
082 _aO152,3M89:g, M2
100 _aअमर सिंह
245 0 _aप्रसाद की कहानियों में सौन्दर्य बोधात्मक संरचना
246 _aPrasād kī kahāniyoan mean saundarya bodhātmak sanrachanā
260 _aजालन्धर
_b दीपक पब्लि0
_c1982
300 _a112 पृ.
_ccm.
650 _aहिन्दी साहित्य
_9156264
942 _hO152,3M89:g, M2
_cTEXL
_2CC
999 _c363939
_d363939